|
|
|
|
| LEADER |
00978nab a2200229 i 4500 |
| 001 |
misc65367 |
| 005 |
20240910082104.0 |
| 008 |
240202s1958 hu o 000 rus d |
| 040 |
|
|
|a SZTE Miscellanea Repozitórium
|b hun
|
| 041 |
|
|
|a rus
|
| 100 |
1 |
|
|a Žirmunskij Viktor Maksimovič
|
| 245 |
1 |
0 |
|a Éposning umumij nazarij problemalari asosida ozbek halq dostončiligini organiš toġrisida
|h [elektronikus dokumentum] /
|c Žirmunskij Viktor Maksimovič
|
| 260 |
|
|
|a Ŭzbekiston SSR fanlar akademiaši nashriëti
|b [Taškent]
|c 1958
|
| 300 |
|
|
|a 3-10
|c 25 cm
|
| 300 |
|
|
|a 10 p.
|c 25 cm
|
| 490 |
0 |
|
|a Ozbek tili va adabiëti masalalari = Ŭzbek tili va adabiëti masalalari = Voprosy uzbekskogo âzyka i literatury
|
| 561 |
|
|
|a Németh Gyula hagyaték
|
| 591 |
|
|
|a NOA 6582
|
| 650 |
|
4 |
|a Bölcsészettudományok
|
| 650 |
|
4 |
|a Nyelvek és irodalom
|
| 695 |
|
|
|a Üzbég irodalom története
|
| 856 |
4 |
0 |
|u http://misc.bibl.u-szeged.hu/65367/1/6582_noa.pdf
|z Dokumentum-elérés
|